000 00493nam a2200145Ia 4500
003 OSt
005 20260227141855.0
008 211028s2018 xx 000 0 und d
040 _cAIMIT LIBRARY
041 _aeng
100 _aKharvi, Vidyashree Gopal; Kudtarkar, Ravi.
_g1716217
_98190
245 _aStudy on organisational recruitment and selection process: a case study with reference to Hinduja Global Solutions Bangalore /
260 _aMumbai
_bLestan D'Souza
_c2018
942 _2ddc
_cPRO
999 _c219758
_d219758